000 00634nam a2200241Ia 4500
001 dia_3518
003 CHAP
005 20251023161628.0
008 220117s1985 xx 000 0 und d
010 _a173976
020 _a0-8359-7674-2
040 _cCHAP
082 _a621.01 G7 1988
100 _aGranet, Irving
_950379
245 _aTermodinámica /
_c Irving Granet
260 _aMéxico :
_b Prentince-Hall,
_c1985
300 _a752 p.
650 _aTermodinámica
_9112366
901 _a621.01 G7 1988
902 _aM
905 _a0000001985 1988 mx A 0000000000 00
942 _cLIBRO
_2ddc
999 _c173976
_d173976